01706nam a2200325 a 4500001001000000005001700010008004100027041000800068044000800076084002000084100005000104245014300154260003800297300002200335500025600357500022400613500005900837500001000896546002400906650005700930650006100987650003901048650005001087700004501137740005001182902000801232942001101240999001501251952011401266BRCA_327220190320204210.0130309s1840----enka---###---#000-0#eng-# aeng aenk a573b.W56c18401 aCervantes Saavedra, Miguel ded1547-1616921310aThe Life and Exploits of Don Quixote de la ManchacTranslated from the Original Spanish of Miguel de Cervantes Saavedra by Charles Jarvis. aLondresbJ. and B. Williamsc1840 a4 v.bil.c13 cm. aContenido : v.1. Primera parte. Prólogo del autor a la segunda parte. Prefacio del traductor. Vida de Cervantes extractada de la escrita por Mayáns. Prólogo del autor a la primera parte. -- v.2. Texto. -- v.3. Segunda parte. Texto. -- v.4. Texto aReproducción de la traducción de Jarvis, publicada en 1828, por los mismos editores, con la Vida de Cervantes, extractada de la escrita por Mayáns. Edición económica con tipos pequeños. Tela Lúdovik Osterc aEstado físico : Anotaciones manuscritas en la guarda aQM448 aTexto en : inglés14aNovela españolayÉpoca clásica, 1500-1700921514aLiteratura españolayÉpoca clásica, 1500-1700921614aNovela españolaySiglo XVII921714aDon Quijote (Personaje ficticio)eNovela92181 aJarvis, Charlesd?-1739eTraductor986920 aEl Ingenioso Hidalgo Don Quijote de la Mancha aQFM 2lcccB c3008d3008 00104070aBRCAbBRCAd2009-03-13iQM448l0o573 .W56 1840 (QM448)p3269r2019-03-22 00:00:00w2019-03-22yB